| 000 | 01362cab a2200337 4500 | ||
|---|---|---|---|
| 001 | ABS50789 | ||
| 008 | 090401t1994 xxu||||| |||| 00| 0 eng d | ||
| 035 | _a(Sirsi) u46917 | ||
| 041 | _aeng | ||
| 100 | _aPapworth, J. | ||
| 245 | _aEngineering variations | ||
| 260 | _c1994 | ||
| 350 | _a0 | ||
| 490 |
_aCSM (Chartered Surveyor Monthly) _v3(9) June 1994, 47(1) |
||
| 520 | _aExamines the small print of some of the different forms of contract from GC/Works/1 to the Red and Green Books, looking at the ways in which surveyors value engineering variations. Stresses the importance of treating each contract on its merits since there are differing aspects and highlights the benefits involved for surveyors. | ||
| 650 | _aCIVIL ENGINEERING CONTRACTS | ||
| 650 | _aELECTRICAL CONTRACTORS ASSOCIATION | ||
| 650 | _aENGINEERING VARIATIONS | ||
| 650 | _aFORM MF/1 | ||
| 650 | _aGC/WORKS/1 | ||
| 650 | _aICE CONDITIONS | ||
| 650 | _aINSTITUTION OF CHEMICAL ENGINEERS | ||
| 650 | _aBUILT ENVIRONMENT-BUILDING CONTRACT FORMS-STANDARD FORMS OF BUILDING CONTRACT-JOINT CONTRACTS TRIBNUAL CONTRACTS | ||
| 650 | _aMENTOR | ||
| 650 | _aMODEL FORM OF GENERAL CONDITIONS OF CONTRACT 1988 EDITION | ||
| 650 | _aVARIATIONS | ||
| 690 | _aBUILT ENVIRONMENT-BUILDING CONTRACT FORMS | ||
| 690 | _aSPECIAL REPORTS | ||
| 942 | _n0 | ||
| 948 | _c04/03/1997 | ||
| 999 |
_c29603 _d29603 |
||